| 000 | 00614nam a2200229Ia 4500 | ||
|---|---|---|---|
| 003 | OSt | ||
| 005 | 20221002053746.0 | ||
| 006 | a|||||r|||| 00| 0 | ||
| 007 | ta | ||
| 008 | 220930b |||||||| |||| 00| 0 eng d | ||
| 024 | _a56844 | ||
| 037 | _cReference Collections | ||
| 040 |
_aCRL _cCRL _beng |
||
| 041 |
_2eng _aeng |
||
| 082 | _aU:222Tk, K2(RR) | ||
| 245 | 0 | _aTrivandrum (District gazetteer) ed by A Sreedhara Menon. | |
| 260 | _c1962 | ||
| 500 | _aKerala district gazetteers. | ||
| 650 | _aGEOGRAPHY | ||
| 942 |
_hU:222Tk, K2(RR) _cref _2CC |
||
| 999 |
_c923111 _d923111 |
||